000 01057cam a22002652 4500
001 0000004884
005 20151217151944.0
008 070531s xx 000 0 eng d
040 _aKABU
_cKABU
050 0 _aRA644
_b.A25L58 1998
245 1 0 _aLiving with AIDS :
_ba book to help people make the best of life /
_cadopted by the National AIDS Control Programme with funding from UNICEF-Kenya.
246 3 _aNational AIDS Control Programme
260 _aNairobi :
_bNational AIDS Control Programme,
_c1998.
300 _av, 59 p.
650 0 _aAIDS (Disease)
_@0000148458
650 0 _aAIDS (Disease)
_xPatients.
_@0000155798
908 _a070531
950 _@1
999 _c6700
_d6700